Visualizzazione normale
Vista MARC
- Griffith David Wark
di Personal Name
Records bibliografici associati: 6
001 - CONTROL NUMBER
- control field: 37966
003 - CONTROL NUMBER IDENTIFIER
- control field: IT-RoPau
005 - DATE AND TIME OF LATEST TRANSACTION
- control field: 20151125205313.0
008 - FIXED-LENGTH DATA ELEMENTS
- fixed length control field: 151125|| aca||aabn | a|a d
040 ## - CATALOGING SOURCE
- Original cataloging agency: IT-RoPau
- Transcribing agency: IT-RoPau
100 ## - HEADING--PERSONAL NAME
- Personal name: Griffith David Wark
- Miscellaneous information: Codice regista SPICS: 13319
670 ## - SOURCE DATA FOUND
- Source citation: Work cat.: (IT-RoPau)104841: Griffith David Wark Codice regista SPICS: 13319, NASCITA DI UNA NAZIONE NASCITA DI UNA NAZIONE (Rif. Codice opera principale : H7090)